000 00640nam a2200181 i 4500
001 bg
245 1 0 _aWybrane zagadnienia z geometrii i sumowalności szeregów.
260 _aSzczecin :
_bWydawnictwo Uczelniane Politechniki Szczecińskiej,
_c1987.
490 1 _aPrace Naukowe Politechniki Szczecińskiej. Instytut Matematyki,
_x0208-7162 ;
_vnr 10
650 9 _aSzeregi
_xzagadnienia
700 1 _aFORMELLA, Stanisław.
_eRed.
830 _aPrace Naukowe Politechniki Szczecińskiej. Instytut Matematyki,
_x0208-7162 ;
040 _cBPK
041 0 _apol
080 _a517.5
942 _cKS
008 s pl f |000 0 pol
999 _c10616
_d10616
856 _uhttp://koha.tu.koszalin.pl/cgi-bin/koha/opac-detail.pl?biblionumber=10616
_yKatalog online BPK